00857 2200301 4500001002100000005001500021035002000036007000300056040001600059100002900075245009000104300003800194504002500232020002200257041000800279082001200287090001900299264003900318336002100357337003000378338002300408650001700431850001000448008004100458250002000499990001800519990001800537INLIS00000000000468620260524031403 a0010-0122000318ta aSPBUPDbind0 aAcep AripudinePengarang1 aPengembangan Metode Dakwah :bRespons Da'i Terhadap Dinamika Kehidupan Dikaki Ceremai axxiv, 248 hal. :billus. ;c23 cm abibliografi, hlm 229 a978-979-769-392-30 aind a297.724 a297 AHM a 2-22 a.--Jakarta :bRajawali Pers,c2011 2rdacontentaTeks 2rdamediaaTanpa Perantara 2rdacarrieraVolume 4aDakwah Islam aPUPAD260524 0  a.-Ed. 1, Cet. 1 a14273/BR/2014 a14274/BR/2014